LIBRARY & INFORMATION CENTRE, KCAET, TAVANUR

ONLINE PUBLIC ACCESS CATALOGUE (OPAC)

Specification for liquid lilmit apparatus for soils IS:9259-1979 (Record no. 5972)

MARC details
000 -LEADER
fixed length control field 00624cam a2200145ua 4500
041 ## - LANGUAGE CODE
Language code of text/sound track or separate title eng
082 ## - DEWEY DECIMAL CLASSIFICATION NUMBER
Classification number 624.131
Item number IND/SP
245 ## - TITLE STATEMENT
Title Specification for liquid lilmit apparatus for soils IS:9259-1979
260 ## - PUBLICATION, DISTRIBUTION, ETC. (IMPRINT)
Place of publication New Delhi :
Name of publisher Indian Standards Institution ,
Year of publication 1980.
300 ## - PHYSICAL DESCRIPTION
Number of Pages 10 ; .
942 ## - ADDED ENTRY ELEMENTS (KOHA)
Koha item type Books
Holdings
Withdrawn status Lost status Damaged status Home library Current library Date acquired Full call number Accession Number Koha item type
      KAUAET KAUAET 07/04/2012 624.131 17416 Standards
free website counter